Mommie dearest / (Record no. 1278)

MARC details
000 -LEADER
fixed length control field 00742cam a2200265 i 4500
005 - DATE AND TIME OF LATEST TRANSACTION
control field 20260322212054.0
008 - FIXED-LENGTH DATA ELEMENTS--GENERAL INFORMATION
fixed length control field data
010 ## - LIBRARY OF CONGRESS CONTROL NUMBER
LC control number 78014977
020 ## - INTERNATIONAL STANDARD BOOK NUMBER
International Standard Book Number 0688033865
020 ## - INTERNATIONAL STANDARD BOOK NUMBER
International Standard Book Number 9780688033866
040 ## - CATALOGING SOURCE
Original cataloging agency DLC
Transcribing agency DLC
Modifying agency DLC
043 ## - GEOGRAPHIC AREA CODE
Geographic area code n-us---
050 00 - LIBRARY OF CONGRESS CALL NUMBER
Classification number PN2287.C67
Item number C7 1978
082 00 - DEWEY DECIMAL CLASSIFICATION NUMBER
Classification number B
-- B
001 - CONTROL NUMBER
control field data
100 1# - MAIN ENTRY--PERSONAL NAME
Personal name Crawford, Christina,
Dates associated with a name 1939-
245 10 - TITLE STATEMENT
Title Mommie dearest /
Statement of responsibility, etc. Christina Crawford.
250 ## - EDITION STATEMENT
Edition statement 1st ed.
260 ## - PUBLICATION, DISTRIBUTION, ETC.
Place of publication, distribution, etc. New York :
Name of publisher, distributor, etc. W. Morrow,
Date of publication, distribution, etc. 1978.
300 ## - PHYSICAL DESCRIPTION
Extent 286 p. :
Other physical details ill. ;
Dimensions 24 cm.
600 10 - SUBJECT ADDED ENTRY--PERSONAL NAME
Personal name Crawford, Joan,
Dates associated with a name 1908-1977.
600 10 - SUBJECT ADDED ENTRY--PERSONAL NAME
Personal name Crawford, Christina,
Dates associated with a name 1939-
650 #0 - SUBJECT ADDED ENTRY--TOPICAL TERM
Topical term or geographic name entry element Motion picture actors and actresses
Geographic subdivision United States
General subdivision Biography.
650 #0 - SUBJECT ADDED ENTRY--TOPICAL TERM
Topical term or geographic name entry element Daughters
Geographic subdivision United States
General subdivision Biography.
Holdings
Withdrawn status Lost status Damaged status Not for loan Home library Current library Shelving location Date acquired Total checkouts Full call number Barcode Date last seen Price effective from Koha item type
        Centerville Centerville General stacks 22/03/2026   791.43/028/0924 B BC0011321 22/03/2026 22/03/2026 Books